000 00238nam a22000977a 4500
041 _aENG
245 _aShort Block Service ( 35 Minutes )
260 _aMumbai
_bSunrise
_c2000
650 _aVideo Cassettes
856 _uCD And Video Cassettes
999 _c2489
_d2489